| 000 | 00907nas a2200277 4500 | ||
|---|---|---|---|
| 001 | BR2016003086 | ||
| 003 | BR-BrBNA | ||
| 005 | 20231205130523.0 | ||
| 007 | ta | ||
| 008 | 230509b bl.|||p| |||| 00| 00por d | ||
| 040 |
_aBR-BrBNA _bpor _cBiblioteca Nacional de Agricultura |
||
| 041 | _a(Pt) | ||
| 072 | _aL60; L40 | ||
| 100 | 1 | _aLopes, P.R.D. | |
| 100 | 1 | _aOliveira-Silva, J.T. de | |
| 100 | 1 | _aKieronski, D.B. | |
| 100 | 1 | _aMatos, F.J.P. de | |
| 245 | 1 | _aObservações sobre Allocytus verrucosus (Gilchrist, 1906)(Actinopterygii: oreosomatidae)da costa do estado do Rio de Janeiro, Brasil | |
| 650 | _aREGISTRO | ||
| 650 | _aPEIXE MARINHO | ||
| 650 | _aMORFOLOGIA ANIMAL | ||
| 650 | _aRIO DE JANEIRO | ||
| 773 | 0 |
_tArquivos de Ciências do Mar (Brazil) _xISSN 0374-5686 _g(Jul 2015), v. 48(1) p. 100-104 _wBR2016003086 |
|
| 909 |
_a202311 _bLúcia _c55 _dLúcia Elande |
||
| 942 |
_2AGRIS _n0 _cANA |
||
| 999 |
_c249912 _d249912 |
||